| 000 | 01987 a2200217 4500 | ||
|---|---|---|---|
| 001 | 48556 | ||
| 005 | 20260407155750.0 | ||
| 008 | 260407a1973 arg spa d | ||
| 003 | AR-UNSa-BCEJYS | ||
| 040 |
_aAR-UNSa-BCEJYS _bspa _cAR-UNSa-BCEJYS |
||
| 080 |
_a330.4 _xEconomía matemática |
||
| 245 | 1 | 0 | _aEl análisis lineal en la teoría económica |
| 020 | _a0-13-246934-0 | ||
| 264 | 1 |
_aBogotá : _bPrentice/Hall Internacional _c1973 |
|
| 300 |
_a521 p. _c23 cm. |
||
| 505 | _aPRIMERA PARTE: Las técnicas de programación lineal aplicadas a la teoría de la firma: 1. Introducción - 2. Métodos elementales de resolución de ecuaciones lineales - 3. Solución de un problema de programación lineal: El método simplex - 4. Precios de los insumos y el problema dual de la Programación Lineal - 5. La programación lineal paramétrica y las curvas de demanda y oferta - 6. Vectores y espacios vectoriales - 7. La versión geométrica de la firma multiproductora - SEGUNDA PARTE: Modelos económicos de la firma: 8. La firma monoproductora con procesos múltiples - 9. La versión continua de una firma monoproductora - 10. Productos conjuntos y minimización del costo: una versión alternativa de la firma - 11. La teoría de la firma multiproductora: síntesis y generalización - TERCERA PARTE: Teoría del consumidor: 12. Preferencia y utilidad - 13. Elección y demanda - 14. Extensión de la teoría: la oferta de insumos y la familia como unidad consumidora - CUARTA PARTE: Mercados, industrias y la economía: 15. Mercados de competencia pura - 16. El equilibrio y el óptimo de las industrias de competencia pura - 17. Equilibrio general de la economía: existencia y estabilidad - 18. El sistema del insumo producto de Leontief - 19. El equilibrio y el óptimo de le economía - 20. Monopolio, competencia monopolística y oligopolio. | ||
| 942 | _cBK | ||
| 590 | _aniveau_biblio:m niveau_hierar:0 | ||
| 100 | 1 | _aVandermeulen, Daniel C. | |
| 700 | 1 | _aFerrero, Fernando | |
| 999 |
_c4624 _d4624 |
||